| 000 | 01369nam a22002177a 4500 | ||
|---|---|---|---|
| 999 |
_c63957 _d63957 |
||
| 005 | 20240910144038.0 | ||
| 008 | s2553 th ||||| |||| 00| 0 tha d | ||
| 040 | _aNALT | ||
| 090 |
_aKP 120 _bม123ก 2553 |
||
| 100 | 0 |
_aมณิศรา เทพหัสดิน ณ อยุธยา _942738 |
|
| 245 | 1 | 0 |
_aการกำหนดค่าเสียหายเชิงลงโทษในคดีสิ่งแวดล้อม / _cมณิศรา เทพหัสดิน ณ อยุธยา. |
| 260 |
_aกรุงเทพฯ : _bมหาวิทยาลัยธรรมศาสตร์, _c2553. |
||
| 300 |
_a46 หน้า ; _b _c30 ซม. |
||
| 650 | 0 |
_aกฎหมายสิ่งแวดล้อม _930360 |
|
| 650 | 0 | 4 | _aคดีสิ่งแวดล้อม -- ค่าสินไหมทดแทน |
| 650 | 0 | 4 | _aคดีสิ่งแวดล้อม -- ค่าเสียหายเชิงลงโทษ -- วิจัย |
| 650 | 0 | 4 | _aทรัพยากรธรรมชาติและสิ่งแวดล้อม -- การคุ้มครอง -- แง่กฎหมาย |
| 850 | _aNALT | ||
| 942 |
_cRSH _2lcc _01 |
||
| 998 |
_j111 _k นางสาวพจพิณ พรมเอี่ยม |
||